000 00816nam a2200253 i 4500
001 C2-0311533
003 PPAK
005 20180728103249.0
008 110724s2011 my a|||| ||||| | may d
020 _a9789831246634
040 _aPPAK
_beng
_cPPAK
_erda
082 0 4 _a641.59595
_223
090 0 0 _a641.59595
_bMAR
_dR
100 0 _aMarina Mustafa,
_eauthor
245 1 0 _aNostalgia bersama Marina Mustafa :
_bresipi warisan cukur jambul & akikah
264 1 _aShah Alam, Selangor :
_bGrup Buku Karangkraf ,
_c2011
300 _a128 pages :
_bcolour illustrations ;
_c23 cm
336 _2rdacontent
_atext
337 _2rdamedia
_aunmediated
338 _2rdacarrier
_avolume
650 1 0 _aCookery, Malaysian. ; Cooking (Rice). ; Cooking (Spices).
700 0 _aTeh Rohaya Yusoh,
_eeditor
942 _ddc
_cB
999 _c113771
_d113771